000 00293nam a22001097a 4500
008 230627b |||||||| |||| 00| 0 eng d
100 _aMULTIMEDIA, Spenta
245 _aMaharashtra
260 _aMumbai
_bManeck Davar
_c2010
300 _a203p
942 _2ddc
_cBK
_iGeography/Travel
999 _c3134
_d3134